000 00439nam a22001697a 4500
003 OSt
005 20230504035317.0
008 181004b ||||| |||| 00| 0 eng d
040 _aMMU
_beng
_cMMU
_dMMU
050 _aPZ3 .G546 1960
100 _aGlemser, Bernard
245 _aThe fly girls /
_cBernard Glemser.
260 _aNew York :
_bBantam Books,
_c1960.
300 _a314 p. :
650 _aNovel-fly girls
942 _2lcc
_cFICTION
999 _c30974
_d30973